000 00904nam a22002417a 4500
999 _c16590
_d16590
003 AR-CdUCM
008 190503b ||||| |||| 00| 0 spa d
040 _aMUNICIPALIDAD PROVINCIAL DEL CUSCO
_cBIBLIOTECA MUNICIPAL DEL CUSCO
041 _hita
082 _a344.2 /
_bC26
100 _aCarnelutti, Francesco
_95136
245 _aTeoría general del delito /
260 _aMadrid :
_bRevista de derecho privado,
_c1952.
300 _a302 páginas ;
_c23 cm.
440 _aTratados fundamentales de derecho privado y publico ;
_n20
_936116
505 _aContenido: Noción del delito -- Clasificación del delito -- Del delito como acto jurídico -- Del delito como hecho jurídico -- Análisis del delito...
650 _aDerecho penal
_95831
650 _aDelitos
_912134
650 _aPerú
_935
700 _aConde, Victor (traductor)
_936117
942 _2ddc
_cLIBROS
945 _aacv
_d2019-05-03